CD Tenerife Squad 2023-2024 - Statistics

General Stats
  • This quiz has been taken 7 times
  • The average score is 18 of 29
Answer Stats
# Position Nation Player % Correct
16 MF Spain Aitor Sanz
83%
22 DF France Jérémy Mellot
83%
1 GK Spain Juan Soriano
83%
14 MF Spain Roberto López
83%
2 DF Spain Aitor Buñuel
67%
10 MF Spain Àlex Corredera
67%
20 FW Spain Álvaro Jiménez
67%
9 FW Spain Ángel Rodríguez
67%
- Coach Spain Asier Garitano
67%
18 FW Spain Enric Gallego
67%
6 DF Spain José Amo
67%
4 DF Spain José León
67%
31 DF Spain Loïc Williams
67%
11 FW Ghana Mo Dauda
67%
24 DF Spain Nacho Martínez
67%
5 DF Spain Sergio González
67%
21 FW Spain Teto Martín
67%
13 GK Spain Tomeu Nadal
67%
11 FW France Yanis Rahmani
67%
15 MF France Yann Bodiger
67%
7 FW Spain Elady Zorrilla
50%
8 MF Spain Javi Alonso
50%
27 FW Spain Luismi Cruz
50%
23 DF Montenegro Nikola Šipčić
50%
20 MF Spain Pablo Hernández
50%
19 FW Spain Álvaro Romero
33%
3 DF Spain Fernando Medrano
33%
17 FW Spain Waldo Rubio
33%
26 FW Spain Alassan Manjam
17%
No matching quizzes found
Score Distribution
Percent of People with Each Score
Percentile by Number Answered
Your Score History
You have not taken this quiz